01015nam a22002777a 4500003000500000005001700005008004100022010001000063011001000073035001000083040000900093082001600102110009500118245009000213260003900303300000800342490003000350500013100380650002700511650004000538650003600578650002700614650002100641650002400662830005100686CHAP20230822062642.0971010s1982 mx r 00010 spa d a64586 a65558 a72520 cCHAP04a309.172bC62 aCoordinación General del Plan Nacional de Zonas Deprimidas y Grupos Marginados. México10aNecesidades esenciales en Méxicob: situación actual y perspectivas al año 2000 aMéxico, D.F. :bSiglo XXI,c1982 a5 v 0aEconomía y demografía aLa biblioteca tiene: v.1 Alimentación -- v.2 Educación -- v.3 Vivienda -- v.4 Salud -- v.5 Geografía de la marginación04aEducaciónxMéxico.04aMéxicoxCondiciones económicas.04aMéxicoxCondiciones sociales.04aNutriciónxMéxico.04aSalud pública.04aViviendazMéxico.04aEconomía y demografía (Siglo XXI Editores)